| 000 | 00375nam a2200145Ia 4500 | ||
|---|---|---|---|
| 008 | 240624s9999 xx 000 0 und d | ||
| 041 | _aeng | ||
| 082 | _a050 MAR | ||
| 100 | _aMARSTON SALLIE A | ||
| 245 | _aWORLD REGIONS IN GLOBAL CONTEXT PEOPLES | ||
| 250 | _a(4th ed.) | ||
| 260 |
_c2011 _aBoston _bPrentice Hall |
||
| 300 | _axix, : 401 : p. : cm. ; 28 | ||
| 365 |
_c _b27 |
||
| 999 |
_c21726 _d21726 |
||